Normal view
MARC view
Entry Nome pessoal
001 - NÚMERO DE CONTROLE
- campo de controle: 212
003 - IDENTIFICADOR DO NÚMERO DE CONTROLE
- campo de controle: Br
005 - DATA E HORÁRIO DA ÚLTIMA TRANSAÇÃO
- campo de controle: 20250124091123.0
008 - CAMPO DE DADOS FIXOS
- campo de controle de tamanho fixo: 980824|| acnnnaab| aaaa d
024 7# - OUTRO IDENTIFICADOR PADRÃO
- Número padrão ou código: http://viaf.org/viaf/8520
- Fonte: VIAF
024 7# - OUTRO IDENTIFICADOR PADRÃO
- Número padrão ou código: http://id.loc.gov/authorities/names/n79128096
- Fonte: LCCN
035 ## - NÚMERO DE CONTROLE DO SISTEMA
- Número de Controle do Sistema: 98082410361305E09
040 ## - FONTE DA CATALOGAÇÃO
- Instituição da catalogação original: Br
- Instituição que transcreveu o registro: Br
- Idioma da catalogação: por
100 1# - CABEÇALHO--NOME PESSOAL
- Nome pessoal: Calvino, Italo,
- Datas associadas ao nome: 1923-1985
670 ## - FONTE POSITIVA DOS DADOS
- Citação da fonte positiva dos dados: Autor de: Se um viajante numa noite de inverno... 1982.
670 ## - FONTE POSITIVA DOS DADOS
- Citação da fonte positiva dos dados: Seu: A especulação imobiliária. 2011
- Dados encontrados na fonte localizada no subcampo: (orelha: nasceu em Santiago de Las Vegas, Cuba; foi para a Itália logo após o nascimento; participou da resistência ao facismo durante a guerra e foi membro do partido comunista até 1956)
670 ## - FONTE POSITIVA DOS DADOS
- Citação da fonte positiva dos dados: VIAF (04/12/2019)
- Dados encontrados na fonte localizada no subcampo: (D. ; nasceu em Cuba. Licenciado em Letras. Escritor, consultor literário e romancista).
675 ## - FONTE NEGATIVA DOS DADOS
- Citação da fonte positiva dos dados: LC authorities 04/12/2019.